I Love You, B*tch - FLETCHER - Statistics

General Stats
  • This quiz has been taken 3 times
  • The average score is 226 of 281
Answer Stats
Hint Answer % Correct
a
100%
And
100%
and
100%
been
100%
bitch"
100%
boys
100%
but
100%
But
100%
'cause
100%
Chorus 'Cause
100%
could
100%
Couldn't
100%
else
100%
find
100%
girls
100%
God"
100%
head
100%
hear
100%
I
100%
"I
100%
Verse 1 I'm
100%
in
100%
it
100%
Pre-Chorus I've
100%
just
100%
Just
100%
Like,
100%
lookin'
100%
love
100%
me
100%
my
100%
never
100%
No
100%
no
100%
Now
100%
oh,
100%
oh
100%
"Oh,
100%
Oh,
100%
"Oh
100%
on
100%
said
100%
say
100%
So
100%
the
100%
this
100%
to
100%
To
100%
words,
100%
Verse 2 Yeah,
100%
you,
100%
addicted
50%
confessed
50%
constantly
50%
couple
50%
crave
50%
datin',
50%
don't
50%
everyone,
50%
everyone
50%
flip
50%
get
50%
instead
50%
internet
50%
it's
50%
know
50%
lost
50%
make
50%
meant
50%
mine
50%
mirror
50%
moment
50%
myself
50%
nobody,
50%
nobody
50%
own,
50%
phone,
50%
practice
50%
sayin'
50%
strangers
50%
things
50%
validation
50%
way
50%
when
50%
bones
0%
compulsive,
0%
'em,
0%
'em
0%
empathetic
0%
feel
0%
fun
0%
heavy,
0%
impatient,
0%
kinda
0%
learned
0%
obsessive,
0%
(Oh-oh)
0%
real
0%
sink
0%
stoned,
0%
there's
0%
voice,
0%
wasted
0%
world,
0%
No matching quizzes found
Score Distribution
Percent of People with Each Score
Percentile by Number Answered
Your Score History
You have not taken this quiz